<?xml version="1.0" encoding="UTF-8"?>
<record
    xmlns:xsi="http://www.w3.org/2001/XMLSchema-instance"
    xsi:schemaLocation="http://www.loc.gov/MARC21/slim http://www.loc.gov/standards/marcxml/schema/MARC21slim.xsd"
    xmlns="http://www.loc.gov/MARC21/slim">

  <leader>00810nam a22002291i 4500</leader>
  <controlfield tag="005">20210907144743.0</controlfield>
  <controlfield tag="008">210809s1998    my ab||g  ||| 000 0 may d</controlfield>
  <datafield tag="020" ind1=" " ind2=" ">
    <subfield code="a">9789839859225</subfield>
    <subfield code="q">paperback</subfield>
  </datafield>
  <datafield tag="040" ind1=" " ind2=" ">
    <subfield code="a">PPAK</subfield>
    <subfield code="b">eng</subfield>
    <subfield code="c">PPAK</subfield>
    <subfield code="e">rda</subfield>
  </datafield>
  <datafield tag="082" ind1="0" ind2="4">
    <subfield code="2">23</subfield>
    <subfield code="a">959.5076</subfield>
  </datafield>
  <datafield tag="090" ind1="0" ind2="0">
    <subfield code="a">959.5076</subfield>
    <subfield code="b">KRA</subfield>
    <subfield code="d">KAO</subfield>
  </datafield>
  <datafield tag="100" ind1="0" ind2=" ">
    <subfield code="a">K. Ratnam</subfield>
    <subfield code="e">author.</subfield>
  </datafield>
  <datafield tag="245" ind1="1" ind2="0">
    <subfield code="a">SEJARAH KERTAS 940/2:</subfield>
    <subfield code="b">(MALAYSIA, ASIA TENGGARA, ASIA SELATAN &amp; ASIA TIMUR) /</subfield>
    <subfield code="c">K.RATNAM</subfield>
  </datafield>
  <datafield tag="264" ind1=" " ind2="1">
    <subfield code="a">Subang Jaya, Selangor:</subfield>
    <subfield code="b">Pustaka Sarjana Sdn Bhd,</subfield>
    <subfield code="c">1998</subfield>
  </datafield>
  <datafield tag="300" ind1=" " ind2=" ">
    <subfield code="a">426 pages :</subfield>
    <subfield code="b">illustrations and maps ;</subfield>
    <subfield code="c">27 cm.</subfield>
  </datafield>
  <datafield tag="336" ind1=" " ind2=" ">
    <subfield code="2">rdacontent</subfield>
    <subfield code="a">text</subfield>
  </datafield>
  <datafield tag="337" ind1=" " ind2=" ">
    <subfield code="2">rdamedia</subfield>
    <subfield code="a">unmediated</subfield>
  </datafield>
  <datafield tag="338" ind1=" " ind2=" ">
    <subfield code="2">rdacarrier</subfield>
    <subfield code="a">volume</subfield>
  </datafield>
  <datafield tag="650" ind1="1" ind2="0">
    <subfield code="a">Malaysia </subfield>
    <subfield code="x">History </subfield>
    <subfield code="v">Problems, exercises, etc</subfield>
  </datafield>
  <datafield tag="650" ind1="1" ind2="0">
    <subfield code="a">Southeast Asia </subfield>
    <subfield code="x">History</subfield>
    <subfield code="v">Problems, exercises, etc</subfield>
  </datafield>
  <datafield tag="942" ind1=" " ind2=" ">
    <subfield code="2">ddc</subfield>
    <subfield code="c">B</subfield>
  </datafield>
  <datafield tag="999" ind1=" " ind2=" ">
    <subfield code="c">184608</subfield>
    <subfield code="d">184608</subfield>
  </datafield>
  <datafield tag="952" ind1=" " ind2=" ">
    <subfield code="0">0</subfield>
    <subfield code="7">1</subfield>
    <subfield code="b">JT</subfield>
    <subfield code="c">KAO</subfield>
    <subfield code="d">2021-09-07</subfield>
    <subfield code="l">0</subfield>
    <subfield code="o">KAO 959.5076 KRA</subfield>
    <subfield code="p">KAO000410</subfield>
    <subfield code="r">2021-09-07 00:00:00</subfield>
    <subfield code="y">B</subfield>
  </datafield>
</record>
